000 00496nam a22001577a 4500
003 GBCCL
005 20251209143420.0
008 251209b |||||||| |||| 00| 0 eng d
040 _cGBC
082 _aSOU SHI
_b2024
245 _aEvangelical Baptist convention Shillong :
_bsilver jubilee souvenir, 1999-2024
260 _aShillong :
_bSilver jubilee celebration sub-committee,
_c2024
300 _a173p. ;
650 _aSouvenir
_vEvangelical Baptist convention
_zShillong
942 _2ddc
_cARCH
_n0
999 _c11104
_d11104